|
|
|
|
| LEADER |
01218nam a2200325 a 4500 |
| 001 |
41073 |
| 003 |
BD-DhAAL |
| 005 |
20230404121431.0 |
| 008 |
230404t2010 nyub b 000 1 eng |
| 010 |
|
|
|a 2010290146
|
| 020 |
|
|
|a 9780375714368 (pbk.)
|
| 040 |
|
|
|a DLC
|c DLC
|d DLC
|d BD-DhAAL
|
| 043 |
|
|
|a f-et---
|a n-us-ny
|
| 082 |
0 |
0 |
|a 813.6
|2 22
|
| 100 |
1 |
|
|a Verghese, Abraham,
|d 1955-
|9 54008
|
| 245 |
1 |
0 |
|a Cutting for stone :
|b a novel /
|c Abraham Verghese.
|
| 250 |
|
|
|a 1st Vintage Books edition
|
| 260 |
|
|
|a New York :
|b Vintage Books,
|c 2010.
|
| 300 |
|
|
|a 667 pages :
|b maps ;
|c 21 cm.
|
| 504 |
|
|
|a Includes bibliographical references.
|
| 541 |
|
|
|a Donated By Akbar Ali Khan
|e 41073
|
| 650 |
|
0 |
|a Physicians
|v Fiction.
|
| 650 |
|
0 |
|a Brothers
|v Fiction.
|
| 650 |
|
0 |
|a Fathers and sons
|v Fiction.
|
| 651 |
|
0 |
|a Ethiopia
|v Fiction.
|9 54009
|
| 651 |
|
0 |
|a Bronx (New York, N.Y.)
|v Fiction.
|9 54010
|
| 852 |
|
|
|a Ayesha Abed Library
|c Akbar Ali Khan Collection
|
| 942 |
|
|
|2 ddc
|c BK
|
| 999 |
|
|
|c 45648
|d 45648
|
| 952 |
|
|
|0 0
|1 0
|2 ddc
|4 0
|6 813_600000000000000_VER
|7 1
|9 73503
|a BRACUL
|b BRACUL
|c AAKC
|d 2023-04-04
|e Donated by Akbar Ali Khan
|g 1311.18
|l 0
|o 813.6 VER
|p 3010041073
|r 2023-04-04
|t 1
|w 2023-04-04
|y BK
|x $15.95 Price available in book
|